000
00313 a2200145 4500
001
170344
020
_a
040
_c
Magnum
100
_a
Colegio Retamar
240
1
0
_a
Retamatch: accion 2000 retamar
_l
ESP
245
1
0
_a
Retamatch: accion 2000 retamar
362
0
_a
1899
697
_a
ESPANHOL
942
_c
BK
999
_c
170344
_d
170344